[Event "2nd IMSA Rapid w 2017"]
[Site "Huai'an CHN"]
[Date "2017.12.11"]
[Round "5.1"]
[White "Harika, Dronavalli"]
[Black "Muzychuk, Mariya"]
[Result "1/2-1/2"]
[WhiteTitle "GM"]
[BlackTitle "GM"]
[WhiteElo "2504"]
[BlackElo "2544"]
[WhiteFideId "5015197"]
[BlackFideId "14114550"]
[EventDate "2017.12.10"]

1. c4 c5 2. Nf3 Nc6 3. d4 cxd4 4. Nxd4 g6 5. e4 Bg7 6. Be3 Nf6 7. Nc3 d6 8. Be2
O-O 9. O-O Nxd4 10. Bxd4 Bd7 11. Qd3 a5 12. f4 Bc6 13. Kh1 Nd7 14. Bxg7 Kxg7 15.
Rad1 a4 16. Bg4 f6 17. Bxd7 Qxd7 18. f5 Ra5 19. Nd5 Bxd5 20. exd5 b5 21. Qd2 Ra7
22. cxb5 Qxb5 23. Rf3 g5 24. Re1 Rb8 25. b3 axb3 26. axb3 Qb4 27. Qd1 Qg4 28. h3
Qh5 29. Qd4 Rbb7 30. Rfe3 Qe8 31. Re6 Qc8 32. h4 h6 33. Qg4 Qc2 34. R6e4 Qf2 35.
b4 Qxh4+ 36. Qxh4 gxh4 37. Rg4+ Kf7 38. Rxh4 Ra2 39. Rxh6 Rd2 40. Rh7+ Ke8 41.
Rh8+ Kf7 42. Rh7+ Ke8 43. Rh8+ Kf7 44. Rh7+ Ke8 1/2-1/2

[Event "2nd IMSA Rapid w 2017"]
[Site "Huai'an CHN"]
[Date "2017.12.11"]
[Round "5.3"]
[White "Lagno, Kateryna"]
[Black "Ju, Wenjun"]
[Result "1-0"]
[WhiteTitle "GM"]
[BlackTitle "GM"]
[WhiteElo "2547"]
[BlackElo "2567"]
[WhiteFideId "14109336"]
[BlackFideId "8603006"]
[EventDate "2017.12.10"]

1. e4 e5 2. Nf3 Nf6 3. Nxe5 d6 4. Nf3 Nxe4 5. d4 d5 6. Bd3 Bf5 7. O-O Be7 8. c4
Nc6 9. cxd5 Qxd5 10. Re1 O-O 11. Nc3 Nxc3 12. bxc3 Bxd3 13. Qxd3 Rfe8 14. Bf4
Bd6 15. c4 Qh5 16. Bg3 Bxg3 17. hxg3 b6 18. d5 Na5 19. c5 h6 20. c6 Rad8 21. d6
Rxe1+ 22. Rxe1 Qg6 23. Qxg6 fxg6 24. d7 Kf7 25. Nd4 Rh8 26. f4 g5 27. f5 g4 28.
Kf2 h5 29. Ke3 g6 30. Kf4 gxf5 31. Kxf5 Rg8 32. Kf4 a6 33. Re5 b5 34. Rxh5 Ke7
35. Re5+ Kf7 36. Rd5 Ke7 37. Re5+ Kf7 38. Rg5 Rd8 39. Kxg4 Ke7 40. Re5+ Kd6 41.
Re8 Nxc6 42. Nxc6 Rxd7 43. Ne5 Rg7+ 44. Kf4 c5 45. g4 c4 46. Rc8 Re7 47. Nf3 Kd5
48. g5 b4 49. g6 c3 50. Kf5 a5 51. Kf6 Re6+ 52. Kf7 Re2 53. g4 Re4 54. g5 Rf4+
55. Ke7 Re4+ 56. Kd7 Re6 57. g7 Rd6+ 58. Ke7 Rg6 59. Kf7 Ke4 1-0

[Event "2nd IMSA Rapid w 2017"]
[Site "Huai'an CHN"]
[Date "2017.12.11"]
[Round "5.4"]
[White "Tan, Zhongyi"]
[Black "Ushenina, Anna"]
[Result "0-1"]
[WhiteTitle "GM"]
[BlackTitle "GM"]
[WhiteElo "2517"]
[BlackElo "2416"]
[WhiteFideId "8603642"]
[BlackFideId "14110911"]
[EventDate "2017.12.10"]

1. c4 e5 2. g3 Nf6 3. Bg2 d5 4. cxd5 Nxd5 5. Nf3 Nc6 6. O-O Nb6 7. b3 Bd6 8. Bb2
O-O 9. Nc3 Bg4 10. Ne4 f5 11. Nxd6 Qxd6 12. d3 Rae8 13. Rc1 Kh8 14. Qc2 f4 15.
Rfd1 Qh6 16. b4 Nd4 17. Bxd4 exd4 18. Nxd4 fxg3 19. hxg3 Rxf2 20. Kxf2 Qe3+ 21.
Ke1 Qxd4 22. Be4 Qe3 23. a4 Nxa4 24. Qa2 c6 25. Rc2 Nb6 26. Qf7 Rd8 27. Qf2 Qh6
28. Qf4 Qe6 29. Kd2 Nd5 30. Qg5 Nf6 31. Kc1 Qd6 32. Qc5 Nxe4 33. Qxd6 Nxd6 34.
Rf1 h6 35. Kb2 a6 36. Rf4 Be6 37. Rc5 Nf7 38. Kc2 Kg8 39. e4 Kf8 40. Kc3 Ke7 41.
d4 Nd6 42. Kd3 g5 43. Rf2 Nb5 44. d5 cxd5 45. Rh2 dxe4+ 46. Kxe4 Nd6+ 47. Kf3
Nf5 48. g4 Nh4+ 49. Ke4 Bxg4 50. Rc7+ Rd7 51. Rxd7+ Bxd7 52. Kd5 Bc6+ 53. Kc5
Kf6 54. Rf2+ Nf3 55. Kc4 g4 56. Kd3 Kf5 57. Ke3 h5 58. Rc2 0-1

[Event "2nd IMSA Rapid w 2017"]
[Site "Huai'an CHN"]
[Date "2017.12.11"]
[Round "5.5"]
[White "Kosteniuk, Alexandra"]
[Black "Dzagnidze, Nana"]
[Result "1/2-1/2"]
[WhiteTitle "GM"]
[BlackTitle "GM"]
[WhiteElo "2557"]
[BlackElo "2522"]
[WhiteFideId "4128125"]
[BlackFideId "13601903"]
[EventDate "2017.12.10"]

1. e4 c5 2. c3 d5 3. exd5 Qxd5 4. d4 Nf6 5. Nf3 Bg4 6. Be2 e6 7. Na3 Nc6 8. h3
Bxf3 9. Bxf3 Qd7 10. dxc5 Qxd1+ 11. Bxd1 Bxc5 12. Nc4 Nd5 13. Bf3 f6 14. a4 Kf7
15. Ke2 Rac8 16. Rd1 Rhd8 17. Bd2 Nce7 18. Na5 b6 19. Nb3 Nf5 20. Nxc5 bxc5 21.
a5 c4 22. Bc1 a6 23. Ra4 Rc5 24. g4 Nd6 25. Bxd5 exd5 26. Kd2 Nb7 27. Kc2 Rxa5
28. Rb4 Rb5 29. Rxb5 axb5 30. Be3 Ke6 31. Ra1 Nd6 32. Ra6 g5 33. f4 gxf4 34.
Bxf4 Ke7 35. Rb6 Rd7 36. Kd2 Ne4+ 37. Ke3 Nc5 38. Rxb5 Nd3 39. Bg3 Ne5 40. g5
Ng6 41. gxf6+ Kxf6 42. Kd4 Ke6 43. Rb6+ Kf5 44. Rd6 Rxd6 45. Bxd6 Ke6 46. Bh2
Nh4 47. Ke3 Kf5 48. Bg3 Ng6 49. Kd4 Ke6 50. Bh2 Ne7 51. Ke3 Nc6 52. Bc7 Ne7 53.
Bh2 Nc6 54. Bc7 Ne7 1/2-1/2

[Event "2nd IMSA Rapid w 2017"]
[Site "Huai'an CHN"]
[Date "2017.12.11"]
[Round "5.6"]
[White "Zhao, Xue"]
[Black "Paehtz, Elisabeth"]
[Result "0-1"]
[WhiteTitle "GM"]
[BlackTitle "IM"]
[WhiteElo "2477"]
[BlackElo "2464"]
[WhiteFideId "8601283"]
[BlackFideId "4641833"]
[EventDate "2017.12.10"]

1. Nf3 d5 2. b3 Nc6 3. Bb2 Bg4 4. e3 Nf6 5. h3 Bh5 6. c4 e6 7. cxd5 exd5 8. Bb5
a6 9. Bxc6+ bxc6 10. Nc3 Bd6 11. Na4 O-O 12. Rc1 Qe8 13. Qc2 Ne4 14. d3 Bxf3 15.
gxf3 Ng5 16. Ke2 Ne6 17. Rhg1 f6 18. Qxc6 Qh5 19. Nc3 d4 20. Ne4 dxe3 21. fxe3
Qxh3 22. Qd5 Rae8 23. Nf2 Qh6 24. Rc4 Kh8 25. Re4 Ng5 26. Rxe8 Rxe8 27. Ng4 Qh3
28. Qc6 Rf8 29. f4 Ne6 30. Kd2 Qh5 31. Qe4 Qa5+ 32. Kc2 Nc5 33. Qc4 Nd7 34. Rh1
Qf5 35. Nf2 Nc5 36. b4 Nd7 37. a3 a5 38. bxa5 Qxa5 39. Qe4 f5 40. Qd4 Nf6 41.
Qc3 Qa4+ 42. Kd2 Rb8 43. Rg1 Be7 44. Nd1 Qd7 45. Qe5 Rb5 46. Qc3 Ne4+ 0-1

[Event "2nd IMSA Rapid w 2017"]
[Site "Huai'an CHN"]
[Date "2017.12.11"]
[Round "6.3"]
[White "Ushenina, Anna"]
[Black "Harika, Dronavalli"]
[Result "1-0"]
[WhiteTitle "GM"]
[BlackTitle "GM"]
[WhiteElo "2416"]
[BlackElo "2504"]
[WhiteFideId "14110911"]
[BlackFideId "5015197"]
[EventDate "2017.12.10"]

1. d4 d6 2. Nf3 Nf6 3. Nbd2 g6 4. e4 Bg7 5. Bb5+ c6 6. Bd3 O-O 7. O-O Qc7 8. a4
Nh5 9. Nc4 d5 10. exd5 cxd5 11. Na3 Nc6 12. c3 a6 13. Re1 Bd7 14. Nc2 Rae8 15.
Bf1 Nf6 16. Ne5 Nxe5 17. dxe5 Ne4 18. Qxd5 Bc6 19. Qc4 Qxe5 20. Nb4 Qf5 21. Qe2
Nc5 22. Nxc6 bxc6 23. Be3 Nb3 24. Ra3 Rb8 25. Qxa6 Qe6 26. Qe2 c5 27. a5 Rfd8
28. a6 Ra8 29. Qc4 Qxc4 30. Bxc4 Nd2 31. Be2 e5 32. Rd1 Ne4 33. Rxd8+ Rxd8 34.
a7 Ra8 35. Bb5 Bf8 36. Bc6 Rd8 37. Ra1 1-0

[Event "2nd IMSA Rapid w 2017"]
[Site "Huai'an CHN"]
[Date "2017.12.11"]
[Round "6.4"]
[White "Ju, Wenjun"]
[Black "Kosteniuk, Alexandra"]
[Result "1/2-1/2"]
[WhiteTitle "GM"]
[BlackTitle "GM"]
[WhiteElo "2567"]
[BlackElo "2557"]
[WhiteFideId "8603006"]
[BlackFideId "4128125"]
[EventDate "2017.12.10"]

1. d4 Nf6 2. c4 e6 3. Nf3 d5 4. Nc3 dxc4 5. e4 Bb4 6. Bxc4 Nxe4 7. O-O Nxc3 8.
bxc3 Be7 9. Bf4 Nd7 10. Qe2 c6 11. Rad1 Nf8 12. Ne5 Ng6 13. Bg3 O-O 14. Rd3 a5
15. a4 Bd7 16. Rb1 Qc8 17. h4 Nxe5 18. Bxe5 b5 19. Ba2 f6 20. Bg3 Kh8 21. Re3 e5
22. dxe5 Bf5 23. Re1 Bg4 24. f3 Bh5 25. exf6 Bxf6 26. axb5 cxb5 27. Qxb5 Be8 28.
Qe2 Bd7 29. h5 Qc5 30. Qd2 Rfd8 31. Qd5 Rac8 32. Qxc5 Rxc5 33. Rd1 Rcc8 34. Be5
Re8 35. Bxf6 Rxe3 36. Bd4 Re2 37. h6 Rxa2 38. Bxg7+ Kg8 39. Rxd7 Rc6 40. Rd5 Rg6
41. Rf5 Rgxg2+ 42. Kf1 Rgf2+ 43. Kg1 Rg2+ 44. Kf1 Rgf2+ 45. Kg1 1/2-1/2

[Event "2nd IMSA Rapid w 2017"]
[Site "Huai'an CHN"]
[Date "2017.12.11"]
[Round "6.5"]
[White "Paehtz, Elisabeth"]
[Black "Dzagnidze, Nana"]
[Result "1/2-1/2"]
[WhiteTitle "IM"]
[BlackTitle "GM"]
[WhiteElo "2464"]
[BlackElo "2522"]
[WhiteFideId "4641833"]
[BlackFideId "13601903"]
[EventDate "2017.12.10"]

1. e4 c5 2. Nc3 e6 3. g3 Nc6 4. Bg2 g6 5. d3 Bg7 6. h4 Nf6 7. Be3 d6 8. Nge2 O-O
9. Nf4 Rb8 10. h5 b5 11. hxg6 fxg6 12. O-O b4 13. Nce2 e5 14. Nh3 Kh8 15. c3
bxc3 16. bxc3 Be6 17. Ng5 Bg8 18. Bh3 Qe7 19. Qa4 Rb6 20. Rab1 Rfb8 21. Rxb6
Rxb6 22. Kg2 d5 23. exd5 Bxd5+ 24. f3 Rb2 25. Rf2 Rxa2 26. Qb5 Ra5 27. Qb1 c4
28. d4 h6 29. Ne4 exd4 30. Nxf6 dxe3 31. Nxd5 Rxd5 32. Nf4 Rg5 33. Re2 Qd6 34.
Qe4 Be5 35. Kh2 Bxf4 36. gxf4 Kg7 37. Qxe3 Rd5 38. Kg2 Rd3 39. Qe6 Qxe6 40. Rxe6
Nd8 41. Re7+ Kf6 42. Rxa7 Rxc3 43. Ra6+ Kg7 44. Ra7+ Kf8 45. Ra6 Rc2+ 46. Kg3
Rd2 47. Rxg6 c3 48. Bf5 h5 49. Rh6 Kg7 50. Rxh5 c2 51. Rh1 Kf6 52. Be4 Ne6 53.
Rh6+ Ke7 54. Bxc2 Rxc2 55. f5 Nd4 56. Kf4 Rc5 57. Rh5 Rc3 58. Rh3 Kf6 59. Rh6+
Kg7 60. Rh3 Nc6 61. Rg3+ Kf7 62. Rg6 Ne7 63. Rg1 Kf6 64. Ke4 Nxf5 65. Ra1 Nd6+
66. Kd5 Rd3+ 67. Kc6 Nf5 68. Kc5 Rxf3 69. Re1 Rd3 70. Kc4 Rd8 71. Kc3 Ng3 72.
Kc4 Kf5 73. Kc3 Ne4+ 74. Kc4 Ke5 75. Re2 Rc8+ 76. Kb4 Kd5 77. Kb3 Kd4 78. Rh2
Nc5+ 79. Kc2 Nd3+ 80. Kd2 Nf4 81. Rh4 Ke4 82. Rg4 Kf3 83. Rg7 Ne6 84. Rf7+ Ke4
85. Re7 Rc6 86. Re8 Kd4 87. Ra8 Nc5 88. Rd8+ Kc4 89. Ke2 Ne6 90. Rh8 Nd4+ 91.
Ke3 Re6+ 92. Kf4 Re1 93. Rh7 Ne6+ 94. Kf5 Nf8 95. Rh2 Rf1+ 96. Ke4 Re1+ 97. Kf5
Ne6 98. Kf6 Kd5 99. Rd2+ Nd4 100. Ra2 Rf1+ 101. Kg6 Nc6 102. Rd2+ Ke6 103. Kg5
Ne5 104. Ra2 Rg1+ 105. Kf4 Rg4+ 106. Ke3 Rg3+ 107. Kf4 Rg4+ 108. Ke3 Nc4+ 109.
Kf3 Kf5 110. Rf2 Rf4+ 111. Kg3 Rxf2 112. Kxf2 Ke5 1/2-1/2

[Event "2nd IMSA Rapid w 2017"]
[Site "Huai'an CHN"]
[Date "2017.12.11"]
[Round "6.6"]
[White "Tan, Zhongyi"]
[Black "Zhao, Xue"]
[Result "1/2-1/2"]
[WhiteTitle "GM"]
[BlackTitle "GM"]
[WhiteElo "2517"]
[BlackElo "2477"]
[WhiteFideId "8603642"]
[BlackFideId "8601283"]
[EventDate "2017.12.10"]

1. c4 e6 2. Nf3 b6 3. Nc3 Bb7 4. e4 Bb4 5. Bd3 Na6 6. Qe2 Ne7 7. O-O O-O 8. Bc2
d5 9. cxd5 exd5 10. d4 dxe4 11. Bxe4 Bxe4 12. Nxe4 Nb8 13. Bg5 f6 14. a3 Bd6 15.
Nxd6 Qxd6 16. Bf4 Qd7 17. d5 Nxd5 18. Rad1 Qf7 19. Qe4 Nxf4 20. Qxf4 Re8 21. Nd4
Na6 22. b4 Rad8 23. h3 Rd5 24. Nf5 Rde5 25. Qg4 Kh8 26. Ne3 Nb8 27. Rd3 Nc6 28.
Rc3 Re4 29. Qd1 Nd4 30. f3 Nb5 31. Rxc7 Qxc7 32. fxe4 Qe5 33. Qd7 Re7 34. Qd8+
Re8 35. Qd7 Re7 36. Qd8+ Re8 37. Qd7 Re7 38. Qd8+ Re8 39. Qd7 1/2-1/2

[Event "2nd IMSA Rapid w 2017"]
[Site "Huai'an CHN"]
[Date "2017.12.11"]
[Round "7.1"]
[White "Muzychuk, Anna"]
[Black "Ushenina, Anna"]
[Result "1/2-1/2"]
[WhiteTitle "GM"]
[BlackTitle "GM"]
[WhiteElo "2582"]
[BlackElo "2416"]
[WhiteFideId "14111330"]
[BlackFideId "14110911"]
[EventDate "2017.12.10"]

1. e4 c5 2. Nf3 e6 3. d4 cxd4 4. Nxd4 Nc6 5. Nc3 Qc7 6. Be3 Nf6 7. f4 Bb4 8. Nb5
Qa5 9. e5 Nd5 10. Bd2 Nxc3 11. Bxc3 O-O 12. Qd2 f6 13. exf6 Rxf6 14. g3 d5 15.
Bxb4 Nxb4 16. Nd4 Qb6 17. c3 Nc6 18. Bg2 Nxd4 19. cxd4 Bd7 20. O-O Rc8 21. Rac1
Rff8 22. Rfe1 Rxc1 23. Rxc1 Rc8 24. Rxc8+ Bxc8 25. Qc3 Bd7 26. a3 Qc6 27. Qxc6
Bxc6 28. Kf2 Kf7 29. Ke3 Kf6 30. h4 h6 31. Bf1 Be8 32. Bd3 Bh5 33. Bc2 Bg4 34.
Bd3 Bh5 35. Bc2 Bg4 36. Bd3 Bh5 37. Bc2 1/2-1/2

[Event "2nd IMSA Rapid w 2017"]
[Site "Huai'an CHN"]
[Date "2017.12.11"]
[Round "7.2"]
[White "Dzagnidze, Nana"]
[Black "Muzychuk, Mariya"]
[Result "1/2-1/2"]
[WhiteTitle "GM"]
[BlackTitle "GM"]
[WhiteElo "2522"]
[BlackElo "2544"]
[WhiteFideId "13601903"]
[BlackFideId "14114550"]
[EventDate "2017.12.10"]

1. Nf3 c5 2. c4 Nc6 3. b3 Nf6 4. Bb2 e6 5. g3 d5 6. cxd5 exd5 7. Bg2 d4 8. O-O
Bd6 9. e3 O-O 10. Na3 Bf5 11. exd4 cxd4 12. Nc4 Bc5 13. Nfe5 Nxe5 14. Nxe5 Re8
15. Re1 Qc7 16. f4 Nd7 17. Rc1 Qb6 18. Qf3 Nxe5 19. Rxe5 Rxe5 20. fxe5 Be6 21.
Qxb7 Rd8 22. Qxb6 Bxb6 23. Be4 h5 24. d3 Bd5 25. Re1 Bxe4 26. Rxe4 Kf8 27. e6
Rc8 28. Rf4 f6 29. Ba3+ Ke8 30. Rf5 Rc6 31. Rxh5 Rxe6 32. Bc5 Re1+ 33. Kf2 Ra1
34. a4 Ra2+ 35. Kf3 Bxc5 36. Rxc5 Rxh2 37. Rc8+ Kd7 38. Ra8 Rb2 39. Rxa7+ Kc6
40. Rxg7 Rxb3 41. Ke4 Ra3 42. Ra7 Kc5 43. Ra5+ Kd6 44. Kxd4 Ra1 45. Ra6+ Ke7 46.
Ra7+ Kd6 47. a5 Rg1 48. a6 Rxg3 49. Rf7 Rg4+ 50. Kc3 Ke6 51. a7 Ra4 52. Rh7 f5
53. d4 Kd5 54. Rd7+ Ke6 55. Rh7 Kd5 56. Rf7 f4 57. Rf5+ Ke6 58. Rxf4 Rxa7 59.
Rh4 Ra1 60. Rh6+ Kd5 61. Rh5+ Kd6 62. Kc4 Rc1+ 63. Kd3 Rd1+ 64. Ke4 Re1+ 1/2-1/2

[Event "2nd IMSA Rapid w 2017"]
[Site "Huai'an CHN"]
[Date "2017.12.11"]
[Round "7.3"]
[White "Lagno, Kateryna"]
[Black "Tan, Zhongyi"]
[Result "1-0"]
[WhiteTitle "GM"]
[BlackTitle "GM"]
[WhiteElo "2547"]
[BlackElo "2517"]
[WhiteFideId "14109336"]
[BlackFideId "8603642"]
[EventDate "2017.12.10"]

1. e4 e5 2. Nf3 Nc6 3. Bc4 Bc5 4. c3 Nf6 5. d4 exd4 6. e5 d5 7. Bb5 Ne4 8. cxd4
Bb6 9. Nc3 O-O 10. Be3 f6 11. Qb3 Nxc3 12. Bxc6 bxc6 13. Qxc3 Bf5 14. exf6 Qxf6
15. Ne5 Rae8 16. b4 Qh4 17. O-O Re6 18. a4 Rh6 19. Bxh6 Bxd4 20. Qxc6 Bxa1 21.
Qxd5+ Kh8 22. Bg5 1-0

[Event "2nd IMSA Rapid w 2017"]
[Site "Huai'an CHN"]
[Date "2017.12.11"]
[Round "7.5"]
[White "Zhao, Xue"]
[Black "Ju, Wenjun"]
[Result "1-0"]
[WhiteTitle "GM"]
[BlackTitle "GM"]
[WhiteElo "2477"]
[BlackElo "2567"]
[WhiteFideId "8601283"]
[BlackFideId "8603006"]
[EventDate "2017.12.10"]

1. Nf3 Nf6 2. b3 g6 3. c4 Bg7 4. Bb2 O-O 5. g3 c6 6. Bg2 d5 7. O-O Bg4 8. Ne5
Nfd7 9. Nd3 Bxb2 10. Nxb2 Nf6 11. d4 Qd7 12. Nc3 Bh3 13. Qd3 Na6 14. Rfd1 Rfd8
15. Qf3 h5 16. Nd3 Bxg2 17. Kxg2 Rac8 18. c5 Nc7 19. b4 Ne6 20. Ne5 Qc7 21. Qd3
Nd7 22. f4 Ng7 23. h3 b6 24. g4 bxc5 25. bxc5 Nxe5 26. fxe5 Qd7 27. Kg3 Rb8 28.
Rf1 Qe6 29. Rf3 Rf8 30. Raf1 hxg4 31. hxg4 f5 32. exf6 Rxf6 33. Rxf6 exf6 34. e4
dxe4 35. Qxe4 Rf8 36. d5 Qxe4 37. Nxe4 f5 38. dxc6 Rc8 39. Nf6+ Kf7 40. Nd7 Ke7
41. Re1+ Ne6 42. Ne5 f4+ 43. Kf3 g5 44. Ke4 Nxc5+ 45. Kd5 Na6 46. Nf3+ Kd8 47.
Kd6 Nb4 48. Nd4 f3 49. Rh1 Ke8 50. c7 f2 51. Rf1 Nd3 52. Nb5 Nb2 53. Nxa7 Nc4+
54. Kc6 Na5+ 55. Kb6 Nc4+ 56. Kb7 Nd6+ 57. Kc6 1-0

[Event "2nd IMSA Rapid w 2017"]
[Site "Huai'an CHN"]
[Date "2017.12.11"]
[Round "7.6"]
[White "Harika, Dronavalli"]
[Black "Paehtz, Elisabeth"]
[Result "1-0"]
[WhiteTitle "GM"]
[BlackTitle "IM"]
[WhiteElo "2504"]
[BlackElo "2464"]
[WhiteFideId "5015197"]
[BlackFideId "4641833"]
[EventDate "2017.12.10"]

1. e4 e5 2. Nf3 Nc6 3. Bc4 Bc5 4. b4 Bxb4 5. c3 Be7 6. d4 d6 7. Qb3 Na5 8. Bxf7+
Kf8 9. Qa4 Kxf7 10. Qxa5 b6 11. Qa4 Bd7 12. Qc2 Bf6 13. O-O Bg4 14. Nbd2 Ne7 15.
h3 Be6 16. dxe5 dxe5 17. Rd1 Qe8 18. Nf1 Ng6 19. Ne3 h6 20. Nd5 Bd8 21. c4 c6
22. Ne3 Kg8 23. Bb2 Bc7 24. c5 b5 25. Nf5 Qf8 26. Rd2 Kh7 27. Rad1 Qf7 28. Nd6
Qf6 29. Qc3 b4 30. Qe3 Rhf8 31. Nh2 Qh4 32. Nf5 Bxf5 33. exf5 Rxf5 34. Rd7 Rc8
35. Ng4 Rff8 36. g3 Qxh3 37. Nxe5 Rfd8 38. Rxd8 Rxd8 39. Rxd8 Bxd8 40. Qd3 Qe6
41. f4 Bc7 42. f5 Nxe5 43. fxe6+ 1-0